000 00534nam a22001817a 4500
005 20231107063325.0
008 231107b |||||||| |||| 00| 0 eng d
020 _a0702107220
041 _aEnglish
082 _a346.5 HON
100 _aHonore, T
_lEnglish
245 _aThe South African Law of Trusts /
_cT Honore
250 _aSecond Edition
260 _aCape Town :
_bJuta and Company Ltd,
_c1976
300 _blviii, 508 pages ;
_c26 cm.
650 _aLegal practice
_bLaw
942 _cBK
_6ALISON_BN_VRIES
999 _c340
_d340